Изыскания и проектирование автомобильных дорог Учебное пособие
Содержит общие вопросы изысканий и проектирования автомобильных дорог. Приведены основные теории транспортных потоков и методики расчета движения автомобилей. Особое внимание уделено проектированию плана продольного и поперечного профилей автомобильных дорог сооружений дорожного водоотвода малых вод...
Gespeichert in:
| 1. Verfasser: | |
|---|---|
| Format: | Учебное пособие |
| Ausgabe: | 1 |
| Schriftenreihe: | Высшее образование |
| Online Zugang: | https://znanium.com/catalog/document?id=435538 https://znanium.com/cover/2082/2082336.jpg |
| Tags: |
Tag hinzufügen
Keine Tags, Fügen Sie den ersten Tag hinzu!
|
| LEADER | 03242nam0a2200337 i 4500 | ||
|---|---|---|---|
| 001 | RU\infra-m\znanium\bibl\2082336 | ||
| 003 | https://znanium.com/catalog/document?id=435538 | ||
| 005 | 20240403000000.0 | ||
| 010 | |a 978-5-16-011448-4 | ||
| 010 | |a 978-5-16-111792-7 |b электр. издание | ||
| 100 | |a 20240403d2023 m y0rusy0150 ca | ||
| 101 | 0 | |a rus | |
| 102 | |a RU | ||
| 200 | 1 | |a Изыскания и проектирование автомобильных дорог |e Учебное пособие |e Учебное пособие |f Белорусский национальный технический университет | |
| 205 | |a 1 | ||
| 210 | 1 | |a Москва |c ООО "Научно-издательский центр ИНФРА-М" |d 2024 | |
| 215 | |a 445 с. | ||
| 225 | 1 | |a Высшее образование | |
| 330 | |a Содержит общие вопросы изысканий и проектирования автомобильных дорог. Приведены основные теории транспортных потоков и методики расчета движения автомобилей. Особое внимание уделено проектированию плана продольного и поперечного профилей автомобильных дорог сооружений дорожного водоотвода малых водопропускных сооружений расчетам дорожных одежд. Даны основы проектирования пересечений и примыканий с учетом действующих нормативных документов и научно-технических достижений в этой области. Для студентов автомобильно-дорожных специальностей и факультетов. Может быть полезно инженерно-техническим работникам дорожных организаций и предприятий. | ||
| 333 | |a Профессиональное образование | ||
| 606 | |a Транспорт |x Автомобильные дороги |2 local | ||
| 608 | |a Учебное пособие |2 local | ||
| 675 | |a 625.72(075.8) |z rus | ||
| 686 | |a 39.311я73 |2 rubbk | ||
| 686 | |a 08.05.03 |2 okso | ||
| 700 | 1 | |a Шведовский |b П.В. |g Петр Владимирович |p Белорусский национальный технический университет | |
| 701 | 1 | |a Лукша |b В.В. |g Владимир Валентинович |p Белорусский национальный технический университет | |
| 701 | 1 | |a Чумичева |b Н.В. |g Наталья Валентиновна |p Белорусский национальный технический университет | |
| 801 | 0 | |a RU |b Общество с ограниченной ответственностью «ЗНАНИУМ» |c 20230621 |2 rusmarc | |
| 856 | 4 | |a znanium.com |m ebs_support@infra-m.ru |n НИЦ ИНФРА-М |u https://znanium.com/catalog/document?id=435538 | |
| 856 | 4 | 1 | |a znanium.com |d /cover/2082 |f 2082336.jpg |q image/jpeg |u https://znanium.com/cover/2082/2082336.jpg |